000 00555nam a2200229Ia 4500
003 OSt
005 20221005115655.0
006 a|||||r|||| 00| 0
007 ta
008 221004b |||||||| |||| 00| 0 eng d
024 _a70292
037 _cTextual
040 _aCRL
_cCRL
_beng
041 _2eng
_aeng
082 _aY1:1, K31
100 _aKiewe Heinz Edgar
_9627965
245 0 _aCivilisation of loan
260 _c1973
650 _aSOCIOLOGY
942 _hY1:1, K31
_cTEXL
_2cc
999 _c1035571
_d1035571